000 00575nam a22002417a 4500
003 UA-OsUOA
001 48854
007 ta
008 20070912b un ||||| |||| 00| 0 ukr d
100 _aГорлач Л.
090 _a821.161.2
_bГ69
942 _cBK
040 _aUA-OsUOA
_bukr
_cUA-OsUOA
_dUA-OsUOA
245 _aРуїна
300 _a255 с.
955 _a3
041 _aukr
080 _a821.161.2
020 _a966-7419-78-7
260 _aК.
_c2004
650 7 _a82 Література. Літературознавство
_2UDC
999 _c334972
_d334972